Calidad de revistas científicas variables, indicadores y acciones para su diagnóstico /

Guardado en:
Otros Autores: Paz Enrique, Luis Ernesto.
Formato: Desconocido
Idioma:Spanish
Publicado: Santa Clara : Feijóo, 2018.
Materias:
Acceso en línea:Texto completo (CC BY-NC-ND)
Etiquetas: Agregar Etiqueta
Sin Etiquetas, Sea el primero en etiquetar este registro!
LEADER 01020nai a22002295a 4500
001 EAD.ead004497
008 210518s2018####ag#k|#wss#####0####2spa#d
005 20240412110623.0
245 0 0 |a Calidad de revistas científicas  |h [recurso electrónico] :  |b variables, indicadores y acciones para su diagnóstico /  |c Luis Ernesto Paz Enrique … [et al.]. 
260 |a Santa Clara :  |b Feijóo,  |c 2018. 
300 |a 1 recurso en línea (98 p.) 
500 |a Descripción basada en recurso en línea; Título tomado de la página del título en PDF (visto 18 de mayo, 2021). 
500 |a Contiene índice. 
538 |a Modo de acceso: Internet. 
538 |a Requerimientos del sistema: Adobe Acrobat Reader. 
020 |a 9789593123471 
700 1 |a Paz Enrique, Luis Ernesto. 
653 |a Bibliotecología y documentación 
653 |a Revistas científicas 
655 7 |a Libros electrónicos  |2 local 
856 4 0 |u http://eprints.rclis.org/33794/1/2018%20CALIDAD%20DE%20REVISTAS.%20FEIJ%C3%93O.pdf  |y Texto completo (CC BY-NC-ND)